Liedtext - The bard's song (In the forest) - Blind Guardian (Lyrics) - Statistics

General Stats
  • This quiz has been taken 10 times
  • The average score is 140 of 205
Answer Stats
Answer % Correct
a
100%
all
83%
and
83%
bard
83%
be
83%
In
83%
in
83%
know
83%
my
83%
No
83%
Now
83%
now
83%
remain
83%
So
83%
song
83%
the
83%
they
83%
to
83%
will
83%
you
83%
are
67%
away
67%
bards
67%
bard's
67%
bards'
67%
But
67%
can
67%
Come
67%
ever
67%
far
67%
from
67%
have
67%
hear
67%
here
67%
home
67%
it
67%
It
67%
leave
67%
left
67%
lived
67%
man
67%
men
67%
mind
67%
name
67%
names
67%
of
67%
one
67%
only
67%
our
67%
over
67%
sing
67%
songs
67%
take
67%
Tales
67%
their
67%
There's
67%
Tomorrow
67%
us
67%
we
67%
When
67%
who
67%
Who
67%
about
50%
afraid
50%
again
50%
alone
50%
always
50%
ask
50%
brave
50%
by
50%
close
50%
cold
50%
dark
50%
dawn
50%
don't
50%
dwarves
50%
elves
50%
eyes
50%
fear
50%
for
50%
gone
50%
hobbit
50%
hours
50%
I'll
50%
it's
50%
known
50%
Let's
50%
magic
50%
may
50%
meet
50%
night
50%
not
50%
see
50%
story
50%
tells
50%
them
50%
These
50%
They're
50%
thoughts
50%
time
50%
today
50%
too
50%
world
50%
your
50%
you're
50%
'Cause
33%
dreams
33%
due
33%
should
17%
No matching quizzes found
Score Distribution
Percent of People with Each Score
Percentile by Number Answered
Your Score History
You have not taken this quiz